[Event "SERBIA CHESS OPEN 2021 – MASTERS"]
[Site "Belgrade, Hotel Metropol"]
[Date "2021.07.06"]
[Round "6.24"]
[White "Sedlak, Nikola"]
[Black "Gasimov, Parviz"]
[Result "0-1"]
[WhiteElo "2519"]
[BlackElo "2353"]
[PlyCount "94"]
[EventDate "2021.??.??"]

1. d4 d5 2. Nf3 Nf6 3. Bf4 c5 4. e3 Nc6 5. Nbd2 Bf5 6. Bb5 Qb6 7. c4 a6 8.
Bxc6+ bxc6 9. dxc5 Qxc5 10. Rc1 dxc4 11. O-O Rd8 12. Ne5 Ne4 13. Nxe4 Bxe4 14.
Qg4 h5 15. Qe2 Qb5 16. a4 Qxa4 17. Rxc4 Qb5 18. Qe1 Bd3 19. Rb4 Bxf1 20. Rxb5
Bxb5 21. h4 e6 22. Qc3 c5 23. e4 Rd1+ 24. Kh2 Bd6 25. Qf3 Rd4 26. Nxf7 Bxf4+
27. Qxf4 O-O 28. Nh6+ gxh6 29. Qxh6 Rxf2 30. Qg5+ Kf7 31. Qxh5+ Kg7 32. Qg5+
Kf7 33. h5 Rdd2 34. Qg6+ Kf8 35. Qh6+ Ke7 36. Qg7+ Kd6 37. h6 Bf1 38. Qg3+ Kc6
39. Qb8 Rxg2+ 40. Kh1 Bd3 41. Qe8+ Kd6 42. Qf8+ Ke5 43. Qxc5+ Kxe4 44. Qb4+ Kf3
45. Qf8+ Bf5 46. Qa3+ Rd3 47. Qa1 Kf2 0-1

[Event "SERBIA CHESS OPEN 2021 – MASTERS"]
[Site "Belgrade, Hotel Metropol"]
[Date "2021.07.06"]
[Round "6.25"]
[White "Irizanin, Radoje"]
[Black "Damljanovic, Branko"]
[Result "0-1"]
[WhiteElo "2330"]
[BlackElo "2501"]
[PlyCount "50"]
[EventDate "2021.??.??"]

1. b3 e5 2. Bb2 d6 3. c4 Nf6 4. g3 g6 5. Bg2 Bg7 6. e3 O-O 7. Ne2 Re8 8. Nbc3
c6 9. d4 e4 10. Qc2 Qe7 11. h3 h5 12. O-O-O Na6 13. a3 Nc7 14. Kb1 Bd7 15. g4
hxg4 16. Ng3 d5 17. cxd5 cxd5 18. Ncxe4 Nxe4 19. Bxe4 dxe4 20. Qxc7 gxh3 21.
Rdg1 Rac8 22. Qf4 Qe6 23. Nh5 Qxb3 24. Qf6 Bxf6 25. Nxf6+ Kg7 0-1

[Event "SERBIA CHESS OPEN 2021 – MASTERS"]
[Site "Belgrade, Hotel Metropol"]
[Date "2021.07.06"]
[Round "6.26"]
[White "Karacsonyi, Gellert"]
[Black "Leniart, Arkadiusz"]
[Result "1/2-1/2"]
[WhiteElo "2340"]
[BlackElo "2499"]
[PlyCount "62"]
[EventDate "2021.??.??"]

1. e4 c6 2. Nc3 d5 3. Nf3 Bg4 4. h3 Bxf3 5. Qxf3 e6 6. Qg3 Nf6 7. d3 g6 8. Be2
Bg7 9. O-O O-O 10. f4 c5 11. f5 Nc6 12. Kh1 exf5 13. exf5 Nd4 14. fxg6 fxg6 15.
Bg5 Nxc2 16. Rac1 Nd4 17. Bf3 Nf5 18. Qh2 d4 19. Nd5 Rc8 20. Nxf6+ Bxf6 21.
Bxf6 Rxf6 22. Bxb7 Qc7 23. Rxf5 Rxf5 24. Bxc8 Qxc8 25. Qd6 Qf8 26. Qa6 Qf7 27.
Re1 Kg7 28. Qd6 Rf1+ 29. Rxf1 Qxf1+ 30. Kh2 Qxd3 31. Qe7+ Kg8 1/2-1/2

[Event "SERBIA CHESS OPEN 2021 – MASTERS"]
[Site "Belgrade, Hotel Metropol"]
[Date "2021.07.06"]
[Round "6.27"]
[White "Blohberger, Felix"]
[Black "Papidakis, Georgios"]
[Result "1-0"]
[WhiteElo "2490"]
[BlackElo "2135"]
[PlyCount "71"]
[EventDate "2021.??.??"]

1. e4 e5 2. Nf3 Nc6 3. Nc3 Nf6 4. a3 d5 5. Bb5 Nxe4 6. Qe2 Qd6 7. Nxe4 dxe4 8.
Qxe4 Bd7 9. d4 f5 10. Qe2 e4 11. Bxc6 Bxc6 12. Ne5 Be7 13. Bg5 O-O 14. Bxe7
Qxe7 15. Qc4+ Kh8 16. O-O-O Be8 17. Kb1 Bh5 18. Rde1 Rac8 19. f4 c5 20. h3 b5
21. Qxb5 cxd4 22. g4 Rb8 23. Qa4 Qb7 24. Qxd4 Rfd8 25. Qb4 Qa6 26. Qc3 Rdc8 27.
Qd4 Bg6 28. Re3 Rd8 29. Qc4 Qf6 30. b3 Rdc8 31. Qd4 Qe7 32. Kb2 Qc7 33. Rc3 Qb7
34. Rd1 Rxc3 35. Qxc3 Qe7 36. Nc6 1-0

[Event "SERBIA CHESS OPEN 2021 – MASTERS"]
[Site "Belgrade, Hotel Metropol"]
[Date "2021.07.06"]
[Round "6.28"]
[White "Barseghyan, Armen Ar"]
[Black "Nestorovic, Nikola"]
[Result "1/2-1/2"]
[WhiteElo "2316"]
[BlackElo "2477"]
[PlyCount "96"]
[EventDate "2021.??.??"]

1. d4 Nf6 2. c4 e6 3. Nf3 Bb4+ 4. Bd2 Qe7 5. e3 Bxd2+ 6. Qxd2 d6 7. Nc3 O-O 8.
Be2 e5 9. dxe5 dxe5 10. Qc2 Nc6 11. Nd2 Bg4 12. Bxg4 Nxg4 13. h3 Nf6 14. a3
Rad8 15. O-O-O Qe6 16. g4 Na5 17. b3 a6 18. g5 Ne8 19. Kb2 Nd6 20. c5 Nf5 21.
Nde4 Nc6 22. Rxd8 Rxd8 23. Rd1 Rxd1 24. Qxd1 Nfe7 25. Qg4 Nf5 26. h4 Kf8 27. h5
h6 28. gxh6 gxh6 29. b4 b5 30. Nd2 Ng7 31. Qf3 f5 32. Nde4 Kg8 33. Ng3 Kf7 34.
Qd1 a5 35. Nxb5 axb4 36. Nxc7 bxa3+ 37. Kxa3 Qc4 38. Qd5+ Qxd5 39. Nxd5 f4 40.
exf4 Ke6 41. Nb4 exf4 42. Nxc6 fxg3 43. fxg3 Nxh5 44. Nd4+ Kd5 45. c6 Kd6 46.
Kb4 Nxg3 47. Kb5 Kc7 48. Ne6+ Kc8 1/2-1/2

[Event "SERBIA CHESS OPEN 2021 – MASTERS"]
[Site "Belgrade, Hotel Metropol"]
[Date "2021.07.06"]
[Round "6.29"]
[White "Puranik, Abhimanyu"]
[Black "Boucquet, Emile"]
[Result "1-0"]
[WhiteElo "2589"]
[BlackElo "2100"]
[PlyCount "51"]
[EventDate "2021.??.??"]

1. Nf3 d5 2. e3 e6 3. b3 c5 4. Bb2 Nc6 5. d4 Nf6 6. Bd3 Bd6 7. O-O O-O 8. Nbd2
cxd4 9. exd4 Qc7 10. c4 e5 11. cxd5 Nxd4 12. Rc1 Qb8 13. Nxd4 exd4 14. Nf3 Bg4
15. g3 Nxd5 16. Bxh7+ Kxh7 17. Ng5+ Kg6 18. Qxg4 Nf6 19. Qxd4 Kxg5 20. Rc4 Rh8
21. Qd2+ Kg6 22. Qd3+ Kh6 23. Rh4+ Nh5 24. Qf5 g5 25. Qf6+ Kh7 26. Qg7# 1-0

[Event "SERBIA CHESS OPEN 2021 – MASTERS"]
[Site "Belgrade, Hotel Metropol"]
[Date "2021.07.06"]
[Round "6.30"]
[White "Kuzubov, Yuriy"]
[Black "Maerevoet, Sim"]
[Result "1-0"]
[WhiteElo "2653"]
[BlackElo "2384"]
[PlyCount "89"]
[EventDate "2021.??.??"]

1. c4 e6 2. d4 d5 3. Nc3 Nf6 4. cxd5 exd5 5. Bg5 c6 6. e3 Bd6 7. Bd3 O-O 8. Qc2
h6 9. Bh4 Re8 10. Nf3 Be6 11. Rb1 Nbd7 12. b4 Rc8 13. Na4 Qe7 14. a3 b6 15. O-O
Bg4 16. Nc3 Qe6 17. Rfc1 Ne4 18. Nd2 Nxc3 19. Qxc3 Bf5 20. Bxf5 Qxf5 21. a4 g5
22. Bg3 Bxg3 23. hxg3 Nf6 24. Qc2 Ne4 25. Nxe4 dxe4 26. Rb3 Re6 27. Rc3 Rf6 28.
b5 c5 29. dxc5 Rxc5 30. Rxc5 bxc5 31. g4 Qxg4 32. Qxc5 Qe2 33. Rf1 g4 34. Qxa7
Kg7 35. Qc7 h5 36. Qe5 h4 37. Qg5+ Rg6 38. Qxh4 Qa2 39. Qg3 Qxa4 40. Qe5+ Kh7
41. g3 Qc4 42. Kg2 Rh6 43. Qf5+ Kh8 44. Qg5 Qe6 45. Qxh6+ 1-0

[Event "SERBIA CHESS OPEN 2021 – MASTERS"]
[Site "Belgrade, Hotel Metropol"]
[Date "2021.07.06"]
[Round "6.31"]
[White "Arsovic, Zoran"]
[Black "Dragnev, Valentin"]
[Result "0-1"]
[WhiteElo "2381"]
[BlackElo "2569"]
[PlyCount "98"]
[EventDate "2021.??.??"]

1. Nf3 d5 2. g3 Nd7 3. d4 b5 4. Nc3 c6 5. a3 Ngf6 6. Bg2 e6 7. O-O Be7 8. e4
O-O 9. e5 Ne8 10. h4 Nc7 11. Re1 a5 12. Bg5 Ba6 13. b4 h6 14. Bxe7 Qxe7 15. Rb1
Rfb8 16. Ne2 Nb6 17. Nf4 Nc4 18. Rb3 Bc8 19. g4 g6 20. g5 h5 21. Nh2 Ne8 22.
Bf3 axb4 23. axb4 Ng7 24. Bxh5 gxh5 25. Nxh5 Bd7 26. Nf6+ Kf8 27. h5 Qd8 28. h6
Nf5 29. h7 Kg7 30. Qh5 Qe7 31. Nxd7 Qxd7 32. Ng4 Qe7 33. Nh6 Rf8 34. Rf3 Kh8
35. Rd3 Nxh6 36. Qxh6 Rfe8 37. Kg2 Qf8 38. Qh5 Re7 39. Rf3 Qg7 40. Rd3 Rf8 41.
Kg1 Ra7 42. Kg2 Ra3 43. c3 Ra7 44. Kh2 Ra2 45. Rg3 Nd2 46. Qe2 Rfa8 47. Qh5
Nf1+ 48. Kg2 Nxg3 49. Kxg3 Rf8 0-1

[Event "SERBIA CHESS OPEN 2021 – MASTERS"]
[Site "Belgrade, Hotel Metropol"]
[Date "2021.07.06"]
[Round "6.32"]
[White "Perunovic, Milos"]
[Black "Vatsal, Singhania"]
[Result "1-0"]
[WhiteElo "2567"]
[BlackElo "2371"]
[PlyCount "57"]
[EventDate "2021.??.??"]

1. e4 c5 2. Nf3 d6 3. d4 cxd4 4. Nxd4 Nf6 5. Nc3 Nc6 6. Bg5 e6 7. Bb5 Bd7 8.
Qd3 a6 9. Bxc6 bxc6 10. O-O-O Qc7 11. f4 Be7 12. Nf3 d5 13. f5 h6 14. Bxf6 Bxf6
15. Rhe1 O-O 16. e5 Be7 17. g4 Rfb8 18. Rg1 Qb6 19. b3 c5 20. f6 gxf6 21. exf6
Bxf6 22. g5 Bh8 23. g6 f5 24. g7 Bxg7 25. Qe3 Ra7 26. Nxd5 Qa5 27. Rxg7+ Kxg7
28. Rg1+ Kf7 29. Ne5+ 1-0

[Event "SERBIA CHESS OPEN 2021 – MASTERS"]
[Site "Belgrade, Hotel Metropol"]
[Date "2021.07.06"]
[Round "6.33"]
[White "Todorovic, Goran M"]
[Black "Kadric, Denis"]
[Result "0-1"]
[WhiteElo "2373"]
[BlackElo "2564"]
[PlyCount "56"]
[EventDate "2021.??.??"]

1. e4 c5 2. Nf3 Nc6 3. d4 cxd4 4. Nxd4 e5 5. Nb5 d6 6. N1c3 a6 7. Na3 Be6 8.
Nc4 Rb8 9. Bd3 g6 10. h4 h5 11. b3 Be7 12. g3 Nd4 13. Ne3 Nf6 14. Bb2 Rc8 15.
Kf1 O-O 16. Ncd5 Ng4 17. Bxd4 exd4 18. Nxg4 Bxg4 19. Be2 Bxe2+ 20. Qxe2 Bf6 21.
Kg2 Bg7 22. Rad1 Re8 23. Qd3 Qa5 24. a4 f5 25. b4 Qxa4 26. exf5 Qa2 27. Qf3
Rxc2 28. Qf4 Re3 0-1

[Event "SERBIA CHESS OPEN 2021 – MASTERS"]
[Site "Belgrade, Hotel Metropol"]
[Date "2021.07.06"]
[Round "6.34"]
[White "Bogosavljevic, Boban"]
[Black "Damjanovic, Vuk"]
[Result "1/2-1/2"]
[WhiteElo "2527"]
[BlackElo "2369"]
[PlyCount "30"]
[EventDate "2021.??.??"]

1. Nf3 Nf6 2. g3 g6 3. Bg2 Bg7 4. O-O O-O 5. c4 d6 6. Nc3 e5 7. d3 Nc6 8. Rb1
a5 9. a3 Nd4 10. b4 axb4 11. axb4 c6 12. b5 Bg4 13. e3 Nxf3+ 14. Bxf3 Bxf3 15.
Qxf3 Qd7 1/2-1/2

[Event "SERBIA CHESS OPEN 2021 – MASTERS"]
[Site "Belgrade, Hotel Metropol"]
[Date "2021.07.06"]
[Round "6.35"]
[White "Souhardo, Basak"]
[Black "Caspi, Israel"]
[Result "0-1"]
[WhiteElo "2364"]
[BlackElo "2510"]
[PlyCount "79"]
[EventDate "2021.??.??"]

1. e4 e5 2. Nf3 Nc6 3. Bb5 g6 4. c3 a6 5. Ba4 Bg7 6. O-O b5 7. Bb3 Nge7 8. d4
exd4 9. cxd4 O-O 10. d5 Na5 11. Bd2 Nxb3 12. Qxb3 c5 13. Bc3 d6 14. Bxg7 Kxg7
15. Qc3+ Kg8 16. Qf6 Nc6 17. Qf4 Nb4 18. Nc3 f5 19. e5 Nd3 20. Qe3 Nxb2 21. e6
Qf6 22. Ne2 Bb7 23. Nf4 Nc4 24. Qc1 Ne5 25. Kh1 Rae8 26. Re1 Nxf3 27. gxf3 g5
28. Nh5 Qg6 29. Nf4 Qf6 30. Nh5 Qh6 31. Rg1 f4 32. Nxf4 Qf6 33. Nh3 Kh8 34.
Rxg5 Qxf3+ 35. Kg1 Rxe6 36. Qb2+ Ref6 37. Re1 Bxd5 38. Kf1 Qxh3+ 39. Kg1 Qf3
40. Kf1 0-1

[Event "SERBIA CHESS OPEN 2021 – MASTERS"]
[Site "Belgrade, Hotel Metropol"]
[Date "2021.07.06"]
[Round "6.36"]
[White "Baglan, Esat"]
[Black "Budisavljevic, Luka"]
[Result "1/2-1/2"]
[WhiteElo "2359"]
[BlackElo "2509"]
[PlyCount "77"]
[EventDate "2021.??.??"]

1. e4 c5 2. Nf3 a6 3. c3 e6 4. d4 d5 5. e5 Bd7 6. Bd3 Nc6 7. a3 Nge7 8. O-O
cxd4 9. cxd4 Nf5 10. Bxf5 exf5 11. Nc3 Be6 12. Bg5 Be7 13. Bxe7 Nxe7 14. Rc1
O-O 15. Qd2 Qd7 16. b3 b6 17. Rc2 Rfc8 18. Rfc1 Rc6 19. Ne1 Rac8 20. Na4 Qb7
21. f4 Bd7 22. Nc3 R8c7 23. Nd1 h6 24. Ne3 Rxc2 25. Rxc2 Rxc2 26. Qxc2 Be6 27.
Nd3 Qd7 28. Qc3 a5 29. Kf2 Nc8 30. g3 Na7 31. a4 Nc6 32. Nc2 Na7 33. Ke3 Qd8
34. b4 axb4 35. Ncxb4 Qd7 36. Qc2 Qb7 37. Qc3 Qd7 38. Qc2 Qb7 39. Qc3 1/2-1/2

[Event "SERBIA CHESS OPEN 2021 – MASTERS"]
[Site "Belgrade, Hotel Metropol"]
[Date "2021.07.06"]
[Round "6.37"]
[White "Kamer, Kayra"]
[Black "Sturt, Raven"]
[Result "1-0"]
[WhiteElo "2355"]
[BlackElo "2500"]
[PlyCount "175"]
[EventDate "2021.??.??"]

1. Nf3 d5 2. g3 Nf6 3. Bg2 c6 4. O-O Bf5 5. d3 h6 6. c4 e6 7. Qb3 Qb6 8. Be3
Qxb3 9. axb3 a6 10. Bd4 Nbd7 11. Bc3 Bd6 12. Nd4 Bh7 13. b4 O-O 14. Nb3 e5 15.
Rd1 Bf5 16. Na3 Rfc8 17. Na5 Rab8 18. e4 Bg4 19. exd5 cxd5 20. cxd5 Bxd1 21.
Rxd1 Rc7 22. N3c4 Ne8 23. Re1 Rd8 24. f4 f6 25. Bh3 Nf8 26. Nxd6 Nxd6 27. fxe5
fxe5 28. Bxe5 Re8 29. d4 Nf7 30. Rd1 Nxe5 31. dxe5 Rxe5 32. d6 Rc2 33. d7 Nxd7
34. Bxd7 b6 35. Ba4 Rc7 36. Bb3+ Kh7 37. Nc4 Re2 38. Rd2 Rce7 39. Kf1 Re1+ 40.
Kf2 b5 41. Nd6 Rh1 42. Kg2 Rhe1 43. Bd1 g6 44. h4 Rd7 45. Kf2 Re6 46. Ne4 Rxd2+
47. Nxd2 Kg7 48. Bc2 Rc6 49. Bd3 Rc1 50. Ke3 g5 51. hxg5 hxg5 52. g4 Rg1 53.
Bf5 Rg3+ 54. Kf2 Rh3 55. Nf3 Kf6 56. Bc8 Rh1 57. Nd2 Ra1 58. b3 Ke5 59. Ke3
Re1+ 60. Kd3 Ra1 61. Nf3+ Kf4 62. Nd4 Rd1+ 63. Kc3 Ke5 64. Nc2 Rd6 65. Bf5 Rd1
66. Bd3 Rg1 67. Ne3 Rg3 68. Kd2 Rf3 69. Bf5 Rf4 70. Nc2 Rf3 71. Bc8 Rf6 72. Ne1
Kd4 73. Bf5 Ke5 74. Ke3 Rc6 75. Nf3+ Kf6 76. Nd4 Rc1 77. Ke4 Rc7 78. Kd5 Rc3
79. Kd6 Rc1 80. Nc6 Rc3 81. Bc8 Rxb3 82. Bxa6 Rg3 83. Bc8 Rc3 84. Kc7 Rd3 85.
Kb6 Rd5 86. Ba6 Rd2 87. Kxb5 Rg2 88. Bc8 1-0

[Event "SERBIA CHESS OPEN 2021 – MASTERS"]
[Site "Belgrade, Hotel Metropol"]
[Date "2021.07.06"]
[Round "6.38"]
[White "Csonka, Balazs"]
[Black "Pastar, Slaven"]
[Result "1/2-1/2"]
[WhiteElo "2498"]
[BlackElo "2354"]
[PlyCount "117"]
[EventDate "2021.??.??"]

1. e4 e6 2. d4 d5 3. e5 c5 4. c3 Nc6 5. Nf3 Bd7 6. Be2 Nge7 7. O-O Ng6 8. g3
Be7 9. h4 O-O 10. h5 Nh8 11. dxc5 Bxc5 12. c4 d4 13. a3 Be7 14. Nxd4 Nxe5 15.
Nc3 Rc8 16. b3 a6 17. Bf4 Qc7 18. Nf3 f6 19. Nxe5 fxe5 20. Be3 Nf7 21. Ne4 b6
22. Bxb6 Qxb6 23. Qxd7 Rc7 24. Qd3 a5 25. b4 axb4 26. axb4 Rd8 27. Qf3 Bxb4 28.
Rfb1 Qd4 29. Rd1 Qb6 30. Rdb1 Qd4 31. Rd1 Qb6 32. Rxd8+ Nxd8 33. Ra8 Be7 34. h6
Qb7 35. hxg7 Kxg7 36. Ra5 Nf7 37. Qg4+ Kf8 38. Rb5 Qa8 39. c5 Rb7 40. Rxb7 Qxb7
41. Bf3 Qc8 42. Qh5 Kg7 43. Kg2 Bxc5 44. Ng5 Nxg5 45. Qxg5+ Kf8 46. Qxe5 Ke7
47. Qg7+ Kd6 48. Qxh7 Bd4 49. Qe4 Qc5 50. Qe2 Qb4 51. Bg4 Qb7+ 52. Kh2 Qd5 53.
f4 e5 54. f5 e4 55. Qa6+ Qc6 56. Qa2 Qc5 57. Qb3 Qe5 58. Qb8+ Ke7 59. Qxe5+
1/2-1/2

[Event "SERBIA CHESS OPEN 2021 – MASTERS"]
[Site "Belgrade, Hotel Metropol"]
[Date "2021.07.06"]
[Round "6.39"]
[White "Raja, Harshit"]
[Black "Nestorovic, Dejan"]
[Result "1-0"]
[WhiteElo "2484"]
[BlackElo "2350"]
[PlyCount "37"]
[EventDate "2021.??.??"]

1. e4 c5 2. Nf3 e6 3. d4 cxd4 4. Nxd4 a6 5. Bd3 Nf6 6. O-O Qc7 7. Qe2 d6 8. c4
Nbd7 9. f4 Be7 10. Nc3 b6 11. Bd2 Bb7 12. Kh1 h5 13. b4 h4 14. Rac1 Rc8 15.
Rfe1 Rh5 16. Nd5 Qb8 17. Bc3 Bd8 18. Nxe6 fxe6 19. Nxf6+ 1-0

[Event "SERBIA CHESS OPEN 2021 – MASTERS"]
[Site "Belgrade, Hotel Metropol"]
[Date "2021.07.06"]
[Round "6.40"]
[White "Cabarkapa, Novak"]
[Black "Volkov, Dmitriy"]
[Result "1-0"]
[WhiteElo "2478"]
[BlackElo "2343"]
[PlyCount "63"]
[EventDate "2021.??.??"]

1. d4 Nf6 2. Nc3 d5 3. Bf4 g6 4. Qd2 Bg7 5. O-O-O O-O 6. Bh6 c5 7. Bxg7 Kxg7 8.
e3 cxd4 9. exd4 Nc6 10. f3 Qd6 11. Nge2 Na5 12. Nf4 h5 13. Qe3 Rd8 14. Re1 Nc4
15. Bxc4 dxc4 16. d5 Bf5 17. Qd4 Kg8 18. g3 a6 19. h3 g5 20. Re5 gxf4 21. Rxf5
fxg3 22. Rg1 Kf8 23. Ne4 e5 24. Nxd6 exd4 25. Rxf6 Ke7 26. Ne4 Rxd5 27. Rxg3
Re5 28. Rg7 Rf8 29. Rb6 Rb8 30. Rg5 Rxg5 31. Nxg5 f6 32. Re6+ 1-0

[Event "SERBIA CHESS OPEN 2021 – MASTERS"]
[Site "Belgrade, Hotel Metropol"]
[Date "2021.07.06"]
[Round "6.41"]
[White "Gavrilescu, David"]
[Black "Ohanyan, Emin"]
[Result "1-0"]
[WhiteElo "2470"]
[BlackElo "2324"]
[PlyCount "69"]
[EventDate "2021.??.??"]

1. e4 e5 2. Nf3 Nc6 3. Bc4 Nf6 4. d3 Bc5 5. c3 d6 6. O-O h6 7. Re1 O-O 8. Bb3
a6 9. h3 Ba7 10. Nbd2 Be6 11. Bc2 d5 12. exd5 Qxd5 13. Nf1 Rad8 14. Ng3 Rfe8
15. Nh4 Qd7 16. Qf3 Bd5 17. Ne4 Nxe4 18. dxe4 Be6 19. Qg3 Kh8 20. Nf5 Bxf5 21.
exf5 f6 22. Qh4 Re7 23. Bxh6 gxh6 24. Rad1 Qe8 25. Qxh6+ Rh7 26. Qxf6+ Rg7 27.
Re4 Rxd1+ 28. Bxd1 Nd8 29. Rh4+ Kg8 30. Bb3+ Nf7 31. Bxf7+ Qxf7 32. Qd8+ Qf8
33. Rh8+ Kxh8 34. Qxf8+ Kh7 35. f6 1-0

[Event "SERBIA CHESS OPEN 2021 – MASTERS"]
[Site "Belgrade, Hotel Metropol"]
[Date "2021.07.06"]
[Round "6.42"]
[White "Krstulovic, Alex"]
[Black "Gokerkan, Cem Kaan"]
[Result "0-1"]
[WhiteElo "2353"]
[BlackElo "2470"]
[PlyCount "108"]
[EventDate "2021.??.??"]

1. d4 Nf6 2. Nf3 d5 3. c4 e6 4. Nc3 Be7 5. Bf4 O-O 6. e3 Nbd7 7. c5 Ne4 8. Qc2
g5 9. Bg3 f5 10. Qc1 c6 11. Be2 g4 12. Nd2 Nxg3 13. hxg3 e5 14. Qc2 Rf7 15.
O-O-O b6 16. cxb6 axb6 17. dxe5 Nxe5 18. f4 gxf3 19. gxf3 b5 20. f4 Ng4 21.
Bxg4 fxg4 22. Rh5 Qf8 23. Rdh1 Bf5 24. e4 Bg6 25. Rh6 b4 26. f5 bxc3 27. Qxc3
Bf6 28. e5 Bxf5 29. Rxf6 Rxf6 30. exf6 Rxa2 31. Nb3 Ra4 32. f7+ Qxf7 33. Qe5
Rc4+ 34. Kd2 Re4 35. Qb8+ Re8 36. Qf4 Bg6 37. Qxf7+ Kxf7 38. Ra1 Re4 39. Ra7+
Ke8 40. Na5 Rd4+ 41. Ke3 Re4+ 42. Kd2 d4 43. Nxc6 d3 44. Kd1 Re2 45. Ra5 Rxb2
46. Ra8+ Kf7 47. Ne5+ Kf6 48. Nxg4+ Kf5 49. Ne3+ Ke4 50. Nc4 Bh5+ 51. Ke1 Re2+
52. Kf1 d2 53. Ra1 Kd3 54. Nxd2 Rxd2 0-1

[Event "SERBIA CHESS OPEN 2021 – MASTERS"]
[Site "Belgrade, Hotel Metropol"]
[Date "2021.07.06"]
[Round "6.43"]
[White "Ramoutar, Alan-Safar"]
[Black "Gharibyan, Mamikon"]
[Result "1-0"]
[WhiteElo "2344"]
[BlackElo "2464"]
[PlyCount "75"]
[EventDate "2021.??.??"]

1. e4 c5 2. Nc3 Nc6 3. Bb5 Nd4 4. Nf3 e6 5. O-O a6 6. Bd3 Nc6 7. e5 d5 8. exd6
Bxd6 9. Re1 Nf6 10. Ne4 Be7 11. Nxf6+ Bxf6 12. Be4 Bd7 13. c3 Qa5 14. d3 h6 15.
Be3 Rd8 16. Nd2 Be7 17. Nb3 Qb5 18. a4 Qb6 19. a5 Qc7 20. Nxc5 Bc8 21. Qa4 O-O
22. Nxa6 bxa6 23. Qxc6 Qxc6 24. Bxc6 Rxd3 25. Bb6 Rd2 26. Rab1 f6 27. Red1
Rxd1+ 28. Rxd1 e5 29. Bd5+ Kh7 30. b4 f5 31. Rb1 e4 32. c4 g5 33. b5 Kg6 34.
Bc7 axb5 35. cxb5 Bd8 36. Bxd8 Rxd8 37. Bc6 Rd6 38. Rc1 1-0

[Event "SERBIA CHESS OPEN 2021 – MASTERS"]
[Site "Belgrade, Hotel Metropol"]
[Date "2021.07.06"]
[Round "6.44"]
[White "Sylvan, Jacob"]
[Black "Muradli, Mahammad"]
[Result "0-1"]
[WhiteElo "2322"]
[BlackElo "2461"]
[PlyCount "80"]
[EventDate "2021.??.??"]

1. e4 c5 2. Nf3 d6 3. d4 cxd4 4. Nxd4 Nf6 5. Nc3 a6 6. Nb3 e6 7. g4 b5 8. Bg2
Bb7 9. g5 b4 10. Nd5 exd5 11. gxf6 dxe4 12. Rg1 gxf6 13. Qh5 Nc6 14. Be3 Ne5
15. O-O-O Qc7 16. Qf5 d5 17. Qxf6 Rg8 18. Bh3 Rxg1 19. Rxg1 Ng6 20. Rd1 Bd6 21.
Qg7 Be5 22. Qxh7 Ke7 23. Bc5+ Kf6 24. Qh5 Rh8 25. Qf5+ Kg7 26. Qd7 a5 27. Nd4
Qxd7 28. Bxd7 Rxh2 29. Nf5+ Kh7 30. Kb1 Ba6 31. Rg1 Nf4 32. Ne7 Ne6 33. Bb6 Bb7
34. Be8 Ng5 35. a4 bxa3 36. bxa3 Nf3 37. Rd1 Ba6 38. Bxf7 Be2 39. Rc1 Nd2+ 40.
Ka2 Bc4# 0-1

[Event "SERBIA CHESS OPEN 2021 – MASTERS"]
[Site "Belgrade, Hotel Metropol"]
[Date "2021.07.06"]
[Round "6.45"]
[White "Silich, Yahor"]
[Black "Kilgus, Georg"]
[Result "0-1"]
[WhiteElo "2319"]
[BlackElo "2452"]
[PlyCount "43"]
[EventDate "2021.??.??"]

1. e4 e5 2. Nf3 Nc6 3. Bb5 a6 4. Ba4 Nf6 5. O-O b5 6. Bb3 Bc5 7. Re1 d6 8. c3
O-O 9. h3 h6 10. d4 Bb6 11. Be3 Re8 12. Nbd2 Rb8 13. Bc2 Bb7 14. a3 exd4 15.
cxd4 Ne7 16. Bf4 Ng6 17. Bh2 Nh7 18. Rc1 Ng5 19. Nxg5 Qxg5 20. Nf3 Qf6 21. Qd2
Rbd8 22. Rcd1 0-1

[Event "SERBIA CHESS OPEN 2021 – MASTERS"]
[Site "Belgrade, Hotel Metropol"]
[Date "2021.07.06"]
[Round "6.46"]
[White "Sarenac, David"]
[Black "Martin Duque, Jesus"]
[Result "0-1"]
[WhiteElo "2289"]
[BlackElo "2444"]
[PlyCount "76"]
[EventDate "2021.??.??"]

1. e4 c5 2. Nf3 d6 3. c3 Nf6 4. h3 g6 5. Bd3 Bg7 6. O-O O-O 7. Qe2 Nc6 8. Bc2
e5 9. d3 b6 10. Nbd2 Ba6 11. Nc4 h6 12. a3 Re8 13. Bb3 d5 14. exd5 Nxd5 15. Qc2
b5 16. Ne3 Nf4 17. Rd1 Na5 18. Ba2 Bb7 19. Ne1 Rc8 20. b4 cxb4 21. axb4 Nc6 22.
Qb3 Qc7 23. Bb2 Nd8 24. Rd2 Nde6 25. Rad1 Qc6 26. d4 Nxh3+ 27. Kf1 exd4 28.
cxd4 Qc7 29. Ng4 h5 30. Qxh3 hxg4 31. Qxg4 Qh2 32. f3 Nf4 33. d5 Bxb2 34. Rxb2
Bxd5 35. Kf2 Bxa2 36. Rxa2 f5 37. Qg3 Qxg3+ 38. Kxg3 Ne2+ 0-1

[Event "SERBIA CHESS OPEN 2021 – MASTERS"]
[Site "Belgrade, Hotel Metropol"]
[Date "2021.07.06"]
[Round "6.47"]
[White "Beydullayeva, Govhar"]
[Black "Fernandez, Daniel"]
[Result "0-1"]
[WhiteElo "2264"]
[BlackElo "2440"]
[PlyCount "60"]
[EventDate "2021.??.??"]

1. Nf3 d5 2. g3 Nf6 3. Bg2 c6 4. O-O Bg4 5. d4 Nbd7 6. Nbd2 e6 7. Re1 Be7 8. e4
dxe4 9. Nxe4 Nxe4 10. Rxe4 Bh5 11. Re1 O-O 12. c4 Nb6 13. Qd3 c5 14. Be3 Bf6
15. Rad1 Qd7 16. Qb3 cxd4 17. c5 Nc8 18. Nxd4 Bxd1 19. Rxd1 Ne7 20. Bxb7 Rad8
21. c6 Qd6 22. Rd2 Nd5 23. Nb5 Qe5 24. Rd3 Nxe3 25. Rxe3 Qc5 26. c7 Rd2 27.
c8=Q Rxc8 28. Bxc8 Rxb2 29. Qd3 Qxc8 30. Nxa7 Qb7 0-1

[Event "SERBIA CHESS OPEN 2021 – MASTERS"]
[Site "Belgrade, Hotel Metropol"]
[Date "2021.07.06"]
[Round "6.48"]
[White "Stukan, Martin"]
[Black "Dimic, Pavle"]
[Result "1/2-1/2"]
[WhiteElo "2431"]
[BlackElo "2337"]
[PlyCount "80"]
[EventDate "2021.??.??"]

1. Nf3 Nf6 2. c4 g6 3. Nc3 Bg7 4. e4 d6 5. d4 O-O 6. Bd3 Bg4 7. Be2 Nfd7 8. Be3
c5 9. d5 Na6 10. h3 Bxf3 11. gxf3 Nc7 12. h4 a6 13. a4 Re8 14. h5 e6 15. hxg6
hxg6 16. dxe6 Nxe6 17. Qxd6 Nd4 18. Bxd4 cxd4 19. Nd5 d3 20. Bxd3 Ne5 21. Qxd8
Nxf3+ 22. Kd1 Raxd8 23. Rb1 Ne5 24. Kc2 Rc8 25. Nb6 Rc6 26. a5 Rf6 27. Rhf1 Ng4
28. c5 Rxf2+ 29. Rxf2 Nxf2 30. c6 bxc6 31. Bxa6 Nxe4 32. Bb7 Nc5 33. Bxc6 Re2+
34. Kd1 Rf2 35. Nc4 Bh6 36. b4 Rf1+ 37. Kc2 Rf2+ 38. Kd1 Rf1+ 39. Kc2 Rf2+ 40.
Kd1 Rf1+ 1/2-1/2

[Event "SERBIA CHESS OPEN 2021 – MASTERS"]
[Site "Belgrade, Hotel Metropol"]
[Date "2021.07.06"]
[Round "6.49"]
[White "Tisaj, Domen"]
[Black "Sankalp, Gupta"]
[Result "1-0"]
[WhiteElo "2293"]
[BlackElo "2429"]
[PlyCount "105"]
[EventDate "2021.??.??"]

1. d4 Nf6 2. c4 e6 3. g3 d5 4. Bg2 dxc4 5. Nf3 c6 6. O-O b5 7. Ne5 Bb7 8. a4 a6
9. b3 cxb3 10. Bb2 Nfd7 11. Nd3 Nb6 12. Qxb3 Nc4 13. Nc5 Bxc5 14. dxc5 O-O 15.
Na3 Nxb2 16. Qxb2 Qc7 17. Rfd1 Nd7 18. Rac1 Nf6 19. Rd6 Rfd8 20. e4 Ne8 21. e5
Nxd6 22. exd6 Qc8 23. f4 Rb8 24. a5 Ba8 25. Qb4 e5 26. fxe5 Qf5 27. Re1 Re8 28.
Qd4 g6 29. h4 Bb7 30. g4 Qe6 31. Nc2 Qa2 32. Nb4 Qxa5 33. Ra1 Qd8 34. Nxc6 Qd7
35. Nxb8 Rxb8 36. Bxb7 Qxb7 37. d7 Rd8 38. Rd1 Qf3 39. Rd3 Qe2 40. c6 Qe1+ 41.
Kg2 Qe2+ 42. Kg3 Qe1+ 43. Qf2 Qe4 44. Qf3 Qxe5+ 45. Kg2 b4 46. Re3 Qb8 47. g5
Rf8 48. Qg3 Qb6 49. Qf3 Qb8 50. Rd3 b3 51. Rxb3 Qe5 52. Rd3 Qb2+ 53. Qf2 1-0

[Event "SERBIA CHESS OPEN 2021 – MASTERS"]
[Site "Belgrade, Hotel Metropol"]
[Date "2021.07.06"]
[Round "6.50"]
[White "Zarubitski, Viachaslau"]
[Black "Abramovic, Bosko"]
[Result "1-0"]
[WhiteElo "2426"]
[BlackElo "2334"]
[PlyCount "79"]
[EventDate "2021.??.??"]

1. e4 e5 2. Nf3 Nc6 3. Bb5 a6 4. Ba4 d6 5. O-O Bd7 6. c3 g6 7. d4 Bg7 8. Re1
Nf6 9. d5 Ne7 10. Bxd7+ Nxd7 11. Be3 h6 12. Nfd2 f5 13. f3 Nf6 14. c4 O-O 15.
Nc3 Kh7 16. b4 fxe4 17. Ndxe4 Nxe4 18. Nxe4 Ng8 19. c5 Nf6 20. Rc1 Nxe4 21.
fxe4 Qe7 22. Qg4 h5 23. Qg5 Qxg5 24. Bxg5 Rf7 25. Rf1 Rxf1+ 26. Kxf1 Bh6 27.
cxd6 Bxg5 28. dxc7 Bxc1 29. d6 Rc8 30. d7 Rxc7 31. d8=Q Rf7+ 32. Ke2 Bb2 33.
Kd3 Kg7 34. Qc8 Bd4 35. a4 Bb6 36. Qe6 Bd4 37. Qc8 Bb6 38. a5 Bd4 39. Qb8 Kh7
40. Kc4 1-0